| 000 | 00519nam a22001697a 4500 | ||
|---|---|---|---|
| 999 |
_c8711 _d8711 |
||
| 008 | 201211b ||||| |||| 00| 0 eng d | ||
| 040 | _aBMS College of Architecture | ||
| 100 | _aB P, Chiranjeevi | ||
| 245 | _aCollege of Agricultural sciences | ||
| 300 | _a47p. | ||
| 500 | _a1BM11AT017 | ||
| 502 |
_8B,Arch _NBMS College of Architecture, Visvesvaraya Technological University (VTU) _aProject report _d2015 |
||
| 650 | _aNA | ||
| 700 |
_aChaitra Saraf _eGuide |
||
| 700 |
_aSharaanyaI Iyer _eGuide |
||
| 942 |
_2ddc _cTHE |
||